Culture Générale - Série 197 - Statistiques

Statistiques générales
  • Ce quiz a été pris 270 fois
  • Le résultat moyen est 6 sur 10
Statistiques - réponses
Question Réponse % Correct
En géométrie, par combien de points du cercle le diamètre passe-t-il ? 2
88%
Chez les Guignols, à qui appartenait le gimmick "Ah que coucou" ? Johnny Hallyday
71%
Quelles chaussures les Forbans nous disaient-ils de mettre dans "Chante" ? Des baskets
67%
A quel chanteur britannique doit-on le tube "Sacrifice" en 1989 ? Elton John
61%
De qui Michel Sardou a-t-il chanté "Le Rire" en 1971 ? Du sergent
60%
Au nom de" quelle fleur Moos fait-il un tube en 1999 ? La rose
57%
Selon le titre du tube de Pierre Bachelet en 1980, d'où est-elle ? D'ailleurs
56%
De quelle danse Michel Sardou se souvient-il dans "Dix ans plus tôt" ? Un slow
47%
En 1975, quel chanteur immortalise le tube "Dis-lui" ? Mike Brant
45%
En 2004, quel "Papi" fait un tube avec "Enamorame" ? Papi Sanchez
7%
Aucun quiz correspondant
Distribution des résultats
% des personnes avec chaque résultat
Percentile par nombre de réponses
Votre historique - résultats
Vous n’avez pas pris ce quiz